Disney's Tangled Quiz - Statistics

General Stats
  • This quiz has been taken 2,711 times
    2,687 since last reset
  • The average score is 11 of 17
Answer Stats
Hint Answer % Correct
Lost princess with long magical hair Rapunzel
99%
_____ Knows Best mother
95%
Bandit who steals a tiara Flynn Rider
94%
When Will My ____ Begin? life
92%
I See The _____ light
91%
Age of the princess 18
89%
Woman who raises the princess Mother Gothel
89%
Pet chameleon Pascal
84%
I've Got A _____ dream
79%
Floating _____ Lanterns
77%
Horse of the captain of the guards Maximus
74%
The inn which the princess is taken to The Snuggly Duckling Inn
39%
Thief's partners The Stabbington Brothers
31%
Length of princess's hair 70 feet
19%
Thug #1 Hook-Hand Thug
13%
Thug #2 Big Nose Thug
11%
Thug #3 Short Thug
9%
No matching quizzes found
Score Distribution
Percent of People with Each Score
Percentile by Number Answered
Your Score History
You have not taken this quiz since the last reset